Mary Wollstonecraft and the feminist imagination
Αποθηκεύτηκε σε:
| Κύριος συγγραφέας: | |
|---|---|
| Μορφή: | Βιβλίο |
| Γλώσσα: | English |
| Δημοσίευση: |
Cambridge University Press :
Cambridge University Press,
2003
|
| Έκδοση: | Cambridge, U.K. |
| Σειρά: | Cambridge studies in Romanticism ;
; 56 |
| Θέματα: | |
| Ετικέτες: |
Προσθήκη ετικέτας
Δεν υπάρχουν, Καταχωρήστε ετικέτα πρώτοι!
|
MARC
| LEADER | 00000nam a2200000 i 4500 | ||
|---|---|---|---|
| 001 | 1/77686 | ||
| 008 | 080318s2003 eng d | ||
| 020 | |a 0-521-00417-9 | ||
| 035 | |l 10095541 | ||
| 040 | |a GR-MY-UA |b gre |e aacr | ||
| 041 | 0 | |a eng | |
| 082 | 0 | |a 828.609 |2 (22) | |
| 100 | 1 | |a Taylor, Barbara |d 1950- | |
| 245 | 1 | 0 | |a Mary Wollstonecraft and the feminist imagination / |c Barbara Taylor |
| 250 | |a Cambridge, U.K. | ||
| 260 | |a Cambridge University Press : |b Cambridge University Press, |c 2003 | ||
| 300 | |a xvi, 331 σ.; |b εικ.; |c 23 εκ. | ||
| 490 | 1 | |a Cambridge studies in Romanticism |v ; 56 | |
| 504 | |a Βιβλιογραφία: σ. 308-322 | ||
| 504 | |a Ευρετήριο: σ. 323-331 | ||
| 600 | 1 | 0 | |a Wollstonecraft Mary |d 1759-1797 |x Criticism and interpretation. |
| 600 | 1 | 0 | |a Wollstonecraft Mary |d 1759-1797 |x Influence. |
| 650 | 0 | 0 | |a Feminism and literature |z England |x History |y 18th century. |
| 650 | 0 | 0 | |a Women and literature |z England |x History |y 18th century. |
| 650 | 0 | 0 | |a Women's rights in literature. |
| 650 | 0 | 0 | |a Feminism in literature. |
| 830 | 0 | |a Cambridge studies in Romanticism ; |v ; 56 | |
| 852 | |a INST |b LESVOS |e 20080318 |h 828.609 TAY |p 005100039386 |q 005100039386 |t BK |y 0 | ||
| 901 | |a BIBL1-2008-1 | ||
| 909 | |a Λ |b 143103 | ||
| 922 | |a 1ΕΛΗ |b 200712 |c ΕΠΕΑΕΚ2/ΤΚΑ |d ΠΑΠΑΣΩΤΗΡΙΟΥ | ||
| 970 | |a ΚΑΡΑ |b ΓΙΑΣΕΜΗ |z 2008/03/18 | ||